Quick Pick: Emmy Lead Actor Winners (1953-1964) Quiz Stats

 Plays Quiz not verified by Sporcle

Score 0/11 Timer 01:30
0 Plays Today
% Correct
Perry Mason
88.1%
Perry Mason
86.8%
Jim Anderson
86.8%
Lawrence Preston
81.5%
Eliot Ness
78.1%
Lawrence Preston
76.8%
Himself
72.2%
Rob Petrie
71.5%
Jim Anderson
70.9%
MSgt. Ernest G. Bilko
70.2%
Danny Williams
60.3%

You're not logged in!

Compare scores with friends on all Sporcle quizzes.
OR
Log In

Sporcle TV

Today on Sporcle TV


Watch our educational content, quiz creation guides, and fun videos on Sporcle TV.

Show Comments

Extras

Top Quizzes Today


Score Distribution

Your Account Isn't Verified!

In order to create a playlist on Sporcle, you need to verify the email address you used during registration. Go to your Sporcle Settings to finish the process.

Report this User

Report this user for behavior that violates our Community Guidelines.

Details: